000 00378pab a2200157 454500
008 180718b2011 xxu||||| |||| 00| 0 eng d
100 _aChhibber, Bharti
245 _aMan-elephant conflict: Animal rights are akin to human rights
260 _c2011
300 _ap.15-17.
362 _a23 Jul
650 _aAnimals
773 _aMainstream
908 _aN
909 _a92787
999 _c92787
_d92787